<?xml version="1.0" encoding="UTF-8"?>
<record
    xmlns:xsi="http://www.w3.org/2001/XMLSchema-instance"
    xsi:schemaLocation="http://www.loc.gov/MARC21/slim http://www.loc.gov/standards/marcxml/schema/MARC21slim.xsd"
    xmlns="http://www.loc.gov/MARC21/slim">

  <leader>04970cam a22005774i 4500</leader>
  <controlfield tag="003">PE-LiUPU</controlfield>
  <controlfield tag="005">20250731165516.0</controlfield>
  <controlfield tag="008">181120s2018    sp a    rb    000 0 spa d</controlfield>
  <datafield tag="020" ind1=" " ind2=" ">
    <subfield code="a">6123155199</subfield>
  </datafield>
  <datafield tag="020" ind1=" " ind2=" ">
    <subfield code="a">9786123155193</subfield>
  </datafield>
  <datafield tag="035" ind1=" " ind2=" ">
    <subfield code="a">(Sirsi) a250719</subfield>
  </datafield>
  <datafield tag="040" ind1=" " ind2=" ">
    <subfield code="a">PE-LiUPU</subfield>
    <subfield code="b">spa</subfield>
    <subfield code="c">PE-LiUPU</subfield>
    <subfield code="e">rda</subfield>
  </datafield>
  <datafield tag="049" ind1=" " ind2=" ">
    <subfield code="a">PRUA</subfield>
  </datafield>
  <datafield tag="082" ind1="0" ind2="4">
    <subfield code="a">001.42</subfield>
    <subfield code="b">H44 </subfield>
    <subfield code="2">20</subfield>
  </datafield>
  <datafield tag="100" ind1="1" ind2=" ">
    <subfield code="a">Pino Gotuzzo, Ra&#xFA;l,</subfield>
    <subfield code="d">1945- ,</subfield>
    <subfield code="e">autor.</subfield>
  </datafield>
  <datafield tag="245" ind1="1" ind2="0">
    <subfield code="a">Metodolog&#xED;a de la investigaci&#xF3;n :</subfield>
    <subfield code="b">elaboraci&#xF3;n de dise&#xF1;os para contrastar hip&#xF3;tesis /</subfield>
    <subfield code="c">Ra&#xFA;l Pino Gotuzzo.</subfield>
  </datafield>
  <datafield tag="250" ind1=" " ind2=" ">
    <subfield code="a">Segunda edici&#xF3;n.</subfield>
  </datafield>
  <datafield tag="264" ind1=" " ind2="1">
    <subfield code="a">Lima :</subfield>
    <subfield code="b">San Marcos,</subfield>
    <subfield code="c">2018.</subfield>
  </datafield>
  <datafield tag="300" ind1=" " ind2=" ">
    <subfield code="a">480 p&#xE1;ginas :</subfield>
    <subfield code="b">ilustraciones ;</subfield>
    <subfield code="c">24 cent&#xED;metros</subfield>
  </datafield>
  <datafield tag="336" ind1=" " ind2=" ">
    <subfield code="a">text</subfield>
    <subfield code="2">rdacontent</subfield>
  </datafield>
  <datafield tag="337" ind1=" " ind2=" ">
    <subfield code="a">unmediated</subfield>
    <subfield code="2">rdamedia</subfield>
  </datafield>
  <datafield tag="338" ind1=" " ind2=" ">
    <subfield code="a">volume</subfield>
    <subfield code="2">rdacarrier</subfield>
  </datafield>
  <datafield tag="504" ind1=" " ind2=" ">
    <subfield code="a">Bibliograf&#xED;a : p&#xE1;ginas 475-479.</subfield>
  </datafield>
  <datafield tag="505" ind1="0" ind2=" ">
    <subfield code="a">La ciencia -- Divisi&#xF3;n de la ciencia -- La ciencia como curiosidad -- Ciencia b&#xE1;sica y aplicada -- Hechos, ley y teor&#xED;a cient&#xED;fica -- Estudio de la investigaci&#xF3;n -- Concepto de estudio de investigaci&#xF3;n -- V&#xED;as para realizar el estudio de investigaci&#xF3;n -- &#xBF;Pueden utilizarse todos los tipos de investigaci&#xF3;n? -- Caracter&#xED;sticas de la investigaci&#xF3;n cualitativa -- Caracter&#xED;sticas de la investigaci&#xF3;n cuantitativa -- Diferencias entre los enfoques cualitativos y cuantitativos -- Proceso que sigue el m&#xE9;todo cuantitativo y cualitativo -- Comparaci&#xF3;n de los procesos cuantitativos y cualitativos respecto a las fases del proceso de investigaci&#xF3;n -- Identidad metodol&#xF3;gica -- Concepto de identidad metodol&#xF3;gica -- Marco te&#xF3;rico cient&#xED;fico -- &#xBF;Qu&#xE9; es la causalidad? -- Definici&#xF3;n conceptual y constructo -- Definici&#xF3;n de t&#xE9;rminos -- Antecedentes del estudio -- Bases te&#xF3;ricas -- Hip&#xF3;tesis del trabajo -- Funci&#xF3;n que cumple las hip&#xF3;tesis en el proceso de la investigaci&#xF3;n -- Hip&#xF3;tesis y su estructura de variables -- Revisi&#xF3;n y construcci&#xF3;n de la teor&#xED;a y gu&#xED;as para la elaboraci&#xF3;n -- &#xBF;C&#xF3;mo se elabora el marco te&#xF3;rico? -- Normas para recoger informaci&#xF3;n -- Los constructores literarios -- Contrastaciones que se presentan en la investigaci&#xF3;n - Generalidades -- Las contrastaciones de la investigaci&#xF3;n cient&#xED;fica -- Los enfoques inductivos en el desarrollo de la investigaci&#xF3;n en la l&#xED;nea de la maestr&#xED;a -- Las diez categor&#xED;as de Arist&#xF3;teles -- Contrastaciones de hip&#xF3;tesis -- Contrastaci&#xF3;n de t&#xE9;rminos -- Marco metodol&#xF3;gico -- Tipos de investigaci&#xF3;n -- M&#xE9;todos -- Enfoque estad&#xED;stico -- Aspectos hist&#xF3;ricos, definici&#xF3;n y clasificaci&#xF3;n estad&#xED;stica -- Estad&#xED;stica param&#xE9;trica y no param&#xE9;trica -- Elaboraci&#xF3;n de dise&#xF1;os de investigaci&#xF3;n -- Concepto de dise&#xF1;o -- Tipos de dise&#xF1;os seg&#xFA;n especialidades -- Factores que se deben considerar en la elaboraci&#xF3;n de los dise&#xF1;os para contrastar hip&#xF3;tesis -- Tipos de dise&#xF1;os de investigaci&#xF3;n -- Pruebas de hip&#xF3;tesis -- Gu&#xED;as generales para hacer l&#xED;neas de maestr&#xED;a y doctoral -- Enfoque para tesis de maestr&#xED;a -- Enfoque para tesis doctoral -- Operacionalizaci&#xF3;n de las variables de las hip&#xF3;tesis -- Indicadores, formas, dimensiones -- Prueba de hip&#xF3;tesis -- Caracter&#xED;sticas y terminolog&#xED;a de las pruebas de hip&#xF3;tesis -- An&#xE1;lisis de hip&#xF3;tesis param&#xE9;dicas -- &#xBF;Cu&#xE1;les son los estad&#xED;grafos m&#xE1;s usados para contrastar hip&#xF3;tesis param&#xE9;dicas? -- Prueba de hip&#xF3;tesis mediante el dise&#xF1;o de cuatro grupos de Solomon -- Ejercicios de prueba de hip&#xF3;tesis -- Elementos que intervienen en la investigaci&#xF3;n -- Universo muestra -- Introducci&#xF3;n -- Poblaci&#xF3;n -- Muestra -- Muestreo -- Determinaci&#xF3;n de la muestra -- Consideraciones &#xE9;ticas -- Validaci&#xF3;n de los instrumentos de investigaci&#xF3;n -- Validaci&#xF3;n de los instrumentos de medici&#xF3;n -- Confiabilidad -- La validaci&#xF3;n binomial.</subfield>
  </datafield>
  <datafield tag="526" ind1=" " ind2=" ">
    <subfield code="a">SEG44</subfield>
  </datafield>
  <datafield tag="526" ind1=" " ind2=" ">
    <subfield code="a">SEG26</subfield>
  </datafield>
  <datafield tag="526" ind1=" " ind2=" ">
    <subfield code="a">P151</subfield>
  </datafield>
  <datafield tag="526" ind1=" " ind2=" ">
    <subfield code="a">P150</subfield>
  </datafield>
  <datafield tag="526" ind1=" " ind2=" ">
    <subfield code="a">P149</subfield>
  </datafield>
  <datafield tag="526" ind1=" " ind2=" ">
    <subfield code="a">P146</subfield>
  </datafield>
  <datafield tag="526" ind1=" " ind2=" ">
    <subfield code="a">P145</subfield>
  </datafield>
  <datafield tag="526" ind1=" " ind2=" ">
    <subfield code="a">P126</subfield>
  </datafield>
  <datafield tag="526" ind1=" " ind2=" ">
    <subfield code="a">P125</subfield>
  </datafield>
  <datafield tag="526" ind1=" " ind2=" ">
    <subfield code="a">P92</subfield>
  </datafield>
  <datafield tag="526" ind1=" " ind2=" ">
    <subfield code="a">P75</subfield>
  </datafield>
  <datafield tag="526" ind1=" " ind2=" ">
    <subfield code="a">P74</subfield>
  </datafield>
  <datafield tag="526" ind1=" " ind2=" ">
    <subfield code="a">P27</subfield>
  </datafield>
  <datafield tag="526" ind1=" " ind2=" ">
    <subfield code="a">P15</subfield>
  </datafield>
  <datafield tag="541" ind1=" " ind2=" ">
    <subfield code="g">002-00000599;</subfield>
  </datafield>
  <datafield tag="541" ind1=" " ind2=" ">
    <subfield code="g">002-00001572;</subfield>
  </datafield>
  <datafield tag="650" ind1="1" ind2="4">
    <subfield code="a">Investigaci&#xF3;n</subfield>
    <subfield code="x">Metodolog&#xED;a.</subfield>
  </datafield>
  <datafield tag="650" ind1="1" ind2="4">
    <subfield code="a">Ciencias</subfield>
    <subfield code="x">Metodolog&#xED;a.</subfield>
  </datafield>
  <datafield tag="650" ind1="2" ind2="4">
    <subfield code="a">Tesis y desertaciones acad&#xE9;micas.</subfield>
  </datafield>
  <datafield tag="910" ind1=" " ind2=" ">
    <subfield code="a">dbm</subfield>
    <subfield code="b">csm</subfield>
    <subfield code="c">csm</subfield>
    <subfield code="d">20181120</subfield>
  </datafield>
  <datafield tag="910" ind1=" " ind2=" ">
    <subfield code="a">bgr</subfield>
    <subfield code="b">ksl</subfield>
    <subfield code="c">ksl</subfield>
    <subfield code="d">20190808</subfield>
  </datafield>
  <datafield tag="942" ind1=" " ind2=" ">
    <subfield code="2">ddc</subfield>
    <subfield code="c">BOOK</subfield>
  </datafield>
  <datafield tag="994" ind1=" " ind2=" ">
    <subfield code="a">C0</subfield>
    <subfield code="b">PEPRU</subfield>
  </datafield>
  <datafield tag="596" ind1=" " ind2=" ">
    <subfield code="a">1</subfield>
  </datafield>
  <datafield tag="999" ind1=" " ind2=" ">
    <subfield code="a">001.42 H44</subfield>
    <subfield code="w">DEWEY</subfield>
    <subfield code="c">30192</subfield>
    <subfield code="i">79155</subfield>
    <subfield code="d">30192</subfield>
    <subfield code="e">2019-11-18</subfield>
    <subfield code="f">2021-11-4</subfield>
    <subfield code="g">4</subfield>
    <subfield code="l">CCODEBUL1</subfield>
    <subfield code="m">BUL</subfield>
    <subfield code="n">1</subfield>
    <subfield code="p">12.43</subfield>
    <subfield code="r">0</subfield>
    <subfield code="s">Y</subfield>
    <subfield code="t">BOOK</subfield>
    <subfield code="u">2018-11-20</subfield>
    <subfield code="x">BIBLIOTECA</subfield>
    <subfield code="P">P69</subfield>
    <subfield code="0">COMPRA</subfield>
    <subfield code="1">FCOMPR2</subfield>
    <subfield code="o">.STAFF. Colecci&#xF3;n Ciencias de la Salud</subfield>
  </datafield>
  <datafield tag="999" ind1=" " ind2=" ">
    <subfield code="a">001.42 H44</subfield>
    <subfield code="w">DEWEY</subfield>
    <subfield code="c">2</subfield>
    <subfield code="i">80516</subfield>
    <subfield code="d">2020-1-30</subfield>
    <subfield code="e">2020-1-26</subfield>
    <subfield code="f">2021-11-4</subfield>
    <subfield code="g">3</subfield>
    <subfield code="l">CCODEBUL1</subfield>
    <subfield code="m">BUL</subfield>
    <subfield code="n">2</subfield>
    <subfield code="p">12.39</subfield>
    <subfield code="q">2</subfield>
    <subfield code="r">0</subfield>
    <subfield code="s">Y</subfield>
    <subfield code="t">BOOK</subfield>
    <subfield code="u">2019-8-8</subfield>
    <subfield code="x">BIBLIOTECA</subfield>
    <subfield code="P">P33</subfield>
    <subfield code="0">COMPRA</subfield>
    <subfield code="1">FCOMPR3</subfield>
    <subfield code="o">.STAFF. Colecci&#xF3;n Ciencias de la Salud</subfield>
  </datafield>
  <datafield tag="980" ind1=" " ind2=" ">
    <subfield code="8">1</subfield>
    <subfield code="g">ALBERTO SANCHEZ Responsable de Automatizaci&#xF3;n</subfield>
  </datafield>
  <datafield tag="952" ind1=" " ind2=" ">
    <subfield code="r">2025-12-02 00:00:00</subfield>
    <subfield code="i">5</subfield>
    <subfield code="l">1</subfield>
    <subfield code="o">001.42 H44</subfield>
    <subfield code="p">79155</subfield>
    <subfield code="s">2019-11-18</subfield>
    <subfield code="t">e1</subfield>
    <subfield code="v">17.43</subfield>
    <subfield code="w">2018-11-20</subfield>
    <subfield code="x">PG</subfield>
    <subfield code="y">BK</subfield>
    <subfield code="z">inventario-2023-12-13</subfield>
    <subfield code="1">0</subfield>
    <subfield code="2">ddc</subfield>
    <subfield code="5">0</subfield>
    <subfield code="7">0</subfield>
    <subfield code="8">GEN</subfield>
    <subfield code="f">P69</subfield>
    <subfield code="a">BUL</subfield>
    <subfield code="b">BUL</subfield>
    <subfield code="c">GEN</subfield>
    <subfield code="d">2018-11-20</subfield>
    <subfield code="e">COMPRA</subfield>
    <subfield code="g">12.43</subfield>
  </datafield>
  <datafield tag="952" ind1=" " ind2=" ">
    <subfield code="r">2025-12-02 00:00:00</subfield>
    <subfield code="i">4</subfield>
    <subfield code="l">3</subfield>
    <subfield code="o">001.42 H44</subfield>
    <subfield code="p">80516</subfield>
    <subfield code="s">2024-03-24</subfield>
    <subfield code="t">e2</subfield>
    <subfield code="v">17.39</subfield>
    <subfield code="w">2019-08-08</subfield>
    <subfield code="x">PG</subfield>
    <subfield code="y">BK</subfield>
    <subfield code="z">inventario-2023-12-13</subfield>
    <subfield code="1">0</subfield>
    <subfield code="2">ddc</subfield>
    <subfield code="5">0</subfield>
    <subfield code="7">0</subfield>
    <subfield code="8">GEN</subfield>
    <subfield code="f">P69</subfield>
    <subfield code="a">BUL</subfield>
    <subfield code="b">BUL</subfield>
    <subfield code="c">GEN</subfield>
    <subfield code="d">2019-08-08</subfield>
    <subfield code="e">COMPRA</subfield>
    <subfield code="g">12.39</subfield>
  </datafield>
</record>
